Valuation of golf driving range - as a single entity

Bibliographic Details
Main Author: Tan Chin Hock
Corporate Author: INSPEN
Format: Book
Subjects:

MARC

LEADER 00000cam a2200000 7i4500
001 0000007406
005 20070906.0
040 |a INS 
090 0 0 |a RESEARCH 84 
100 0 |a Tan Chin Hock 
245 1 0 |a Valuation of golf driving range - as a single entity   |c prepared by Tan Chin Hock 
300 |c 29cm. 
500 |a Digital document is available on-line; Please click the URL below 
650 0 0 |a Golf driving range   |x Valuation 
710 2 |a INSPEN 
856
999 |a RES0000144   |b BOOK   |c Research By JPPH Staff   |e Default branch